书目信息 |
| 题名: |
智媒体环境下的劳动力就业与人口转移研究
|
|
| 作者: | 舒联众, 著 | |
| 分册: | ||
| 出版信息: | 北京 九州出版社 2021.05 |
|
| 页数: | 291页 | |
| 开本: | 24cm | |
| 丛书名: | ||
| 单 册: | ||
| 中图分类: | F323.6 , C922.2 | |
| 科图分类: | ||
| 主题词: | 农村劳动力--nong cun lao dong li--劳动就业--研究--中国 , 农村人口--nong cun ren kou--人口迁移--研究报告--中国 | |
| 电子资源: | ||
| ISBN: | 978-7-5225-0112-3 | |
| 000 | 01224nam0 2200277 450 | |
| 001 | CAL 0120217334851 | |
| 005 | 20230217093112.0 | |
| 010 | @a978-7-5225-0112-3@dCNY128.00 | |
| 100 | @a20220112d2021 em y0chiy0120 ea | |
| 101 | 0 | @achi |
| 102 | @aCN@b110000 | |
| 105 | @aa a 000yy | |
| 106 | @ar | |
| 200 | 1 | @a智媒体环境下的劳动力就业与人口转移研究@Azhi mei ti huan jing xia de lao dong li jiu ye yu ren kou zhuan yi yan jiu@f舒联众著 |
| 210 | @a北京@c九州出版社@d2021.05 | |
| 215 | @a291页@c图@d24cm | |
| 314 | @a舒联众, 经济学博士, 现任职于湖北经济学院新闻与传播学院。 | |
| 320 | @a有书目 (第268-291页) | |
| 330 | @a本书对智能传播环境主要变量进行模型设定, 进行影响因子的重要性评价, 可得出在当前条件下, 影响农村劳动力转移成本、转移方向的多维度实证结果, 对今后智能媒体环境下的我国农村劳动力就业迁移的流动方向与流动区域, 做出了判断, 并对国内各类产业区的劳动力就业与转移, 提供了切实可行的政策参考意见。 | |
| 606 | 0 | @a农村劳动力@Anong cun lao dong li@x劳动就业@x研究@y中国 |
| 606 | 0 | @a农村人口@Anong cun ren kou@x人口迁移@x研究报告@y中国 |
| 690 | @aF323.6@v5 | |
| 690 | @aC922.2@v5 | |
| 701 | 0 | @a舒联众,@Ashu lian zhong@f1968-@4著 |
| 801 | 0 | @aCN@bBJXHZP@c20230228 |
| 905 | @b1381622-5@dF323.6@e214@f4 | |
| 智媒体环境下的劳动力就业与人口转移研究/舒联众著.-北京:九州出版社,2021.05 |
| 291页:图;24cm |
| ISBN 978-7-5225-0112-3:CNY128.00 |
| 本书对智能传播环境主要变量进行模型设定, 进行影响因子的重要性评价, 可得出在当前条件下, 影响农村劳动力转移成本、转移方向的多维度实证结果, 对今后智能媒体环境下的我国农村劳动力就业迁移的流动方向与流动区域, 做出了判断, 并对国内各类产业区的劳动力就业与转移, 提供了切实可行的政策参考意见。 |
| ● |
| 相关链接 |
|
|
|
|
正题名:智媒体环境下的劳动力就业与人口转移研究
索取号:F323.6/214
 
预约/预借
| 序号 | 登录号 | 条形码 | 馆藏地/架位号 | 状态 | 备注 |
| 1 | 1381622 | 213816227 | 第一样本阅览室/ [索取号:F323.6/214] | 在馆 | |
| 2 | 1381623 | 213816236 | 第一借阅区/ [索取号:F323.6/214] | 在馆 | |
| 3 | 1381624 | 213816245 | 第一借阅区/ [索取号:F323.6/214] | 在馆 | |
| 4 | 1381625 | 213816254 | 第一借阅区/ [索取号:F323.6/214] | 在馆 |